| 000 | 00319nam a22001097a 4500 | ||
|---|---|---|---|
| 008 | 230329b |||||||| |||| 00| 0 eng d | ||
| 040 |
_aNational Science Library _cNational Science Library |
||
| 245 | _aNews letter | ||
| 260 |
_aRoorkee: _bCentral Building Research Institute, _c1985 |
||
| 310 | _aQuarterly | ||
| 942 | _cCR | ||
| 999 |
_c16462 _d16462 |
||